| 000 | 00466nam a2200181Ia 4500 | ||
|---|---|---|---|
| 008 | 240925s9999 xx 000 0 und d | ||
| 020 | _a1556151179 | ||
| 082 | _a005.446 LET | ||
| 100 | _aLetwin, Gordon | ||
| 245 | 0 | _aInside OS/2 | |
| 250 | _aNA | ||
| 260 |
_aCalifornia: _bAutodesk _c,1988. |
||
| 300 |
_a286p. _bNA _fOriginal |
||
| 500 | _aIncludes Index | ||
| 600 | _aComputer Science | ||
| 650 | _aComputer science, information & general works | ||
| 942 | _cBK | ||
| 999 |
_c3178 _d3178 |
||